LEADER 03269oam 2200817zu 450 001 9910694035903321 005 20251017110105.0 035 $a(CKB)3450000000001993 035 $a(SSID)ssj0000621013 035 $a(PQKBManifestationID)11419147 035 $a(PQKBTitleCode)TC0000621013 035 $a(PQKBWorkID)10616793 035 $a(PQKB)11137109 035 $a(WaSeSS)Ind00029633 035 $a(DNLM)9912769963406676 035 $a(DNLM)1276996 035 $a(EXLCZ)993450000000001993 100 $a20160829d2006 uy 101 0 $aeng 135 $aur||||||||||| 181 $ctxt 182 $cc 183 $acr 200 04$aThe health consequences of involuntary exposure to tobacco smoke : a report of the Surgeon General 210 31$a[Place of publication not identified]$cU S Dept of Health and Human Services Public Health Service Office of the Surgeon General$d2006 215 $a1 online resource 300 $aBibliographic Level Mode of Issuance: Monograph 320 $aIncludes bibliographical references. 327 $aIntroduction, summary, and conclusions -- Toxicology of secondhand smoke -- Assessment of exposure to secondhand smoke -- Prevalence of exposure to secondhand smoke -- Reproductive and developmental effects from exposure to secondhand smoke -- Respiratory effects in children from exposure to secondhand smoke -- Cancer among adults from exposure to secondhand smoke -- Cardiovascular diseases from exposure to secondhand smoke -- Respiratory effects in adults from exposure to secondhand smoke -- Control of secondhand smoke exposure. 606 $aPassive smoking$xHealth aspects 606 $aTobacco smoke$xHealth aspects 606 $aSmoking$xHealth aspects 606 $aTobacco$xPhysiological effect 606 $aTobacco$xToxicology 606 $aTobacco smoke pollution 606 $aAir Pollution 606 $aSmoke 606 $aParticulate Matter 606 $aEnvironmental Pollution 606 $aComplex Mixtures 606 $aPublic Health 606 $aEnvironment and Public Health 606 $aDelivery of Health Care 606 $aTobacco Smoke Pollution 606 $aPublic Health$2HILCC 606 $aHealth & Biological Sciences$2HILCC 606 $aToxicology & Public Health$2HILCC 615 0$aPassive smoking$xHealth aspects. 615 0$aTobacco smoke$xHealth aspects. 615 0$aSmoking$xHealth aspects. 615 0$aTobacco$xPhysiological effect. 615 0$aTobacco$xToxicology. 615 0$aTobacco smoke pollution. 615 2$aAir Pollution. 615 2$aSmoke. 615 2$aParticulate Matter. 615 2$aEnvironmental Pollution. 615 2$aComplex Mixtures. 615 2$aPublic Health. 615 2$aEnvironment and Public Health. 615 2$aDelivery of Health Care. 615 2$aTobacco Smoke Pollution. 615 7$aPublic Health 615 7$aHealth & Biological Sciences 615 7$aToxicology & Public Health 712 02$aUnited States Public Health Service. 801 0$bPQKB 906 $aBOOK 912 $a9910694035903321 996 $aThe health consequences of involuntary exposure to tobacco smoke : a report of the Surgeon General$93138152 997 $aUNINA